Biochemical interaction between plants and insects : (Record no. 2236)
[ view plain ]
| 000 -LEADER | |
|---|---|
| fixed length control field | 01208nam a2200301 4500 |
| 001 - CONTROL NUMBER | |
| control field | 4124605 |
| 005 - DATE AND TIME OF LATEST TRANSACTION | |
| control field | 20150217154908.0 |
| 008 - FIXED-LENGTH DATA ELEMENTS--GENERAL INFORMATION | |
| fixed length control field | 000 |
| 010 ## - LIBRARY OF CONGRESS CONTROL NUMBER | |
| LC control number | 76013833 |
| 020 ## - INTERNATIONAL STANDARD BOOK NUMBER | |
| International Standard Book Number | 0306347105 |
| 040 ## - CATALOGING SOURCE | |
| Original cataloging agency | UOEL |
| Transcribing agency | DLC |
| Modifying agency | DLC |
| 050 00 - LIBRARY OF CONGRESS CALL NUMBER | |
| Classification number | QK861 |
| Item number | .R38 vol. 10 |
| 082 00 - DEWEY DECIMAL CLASSIFICATION NUMBER | |
| Classification number | 581.1/92 s |
| -- | 582.13/045 |
| Edition number | 19 |
| 110 2# - MAIN ENTRY--CORPORATE NAME | |
| Corporate name or jurisdiction name as entry element | Phytochemical Society of North America. |
| 245 10 - TITLE STATEMENT | |
| Title | Biochemical interaction between plants and insects : |
| Remainder of title | [proceedings of the fifteenth annual meeting of the Phytochemical Society of North America held on the campus of the University of South Florida, Tampa, Florida, August 1975] / |
| Statement of responsibility, etc | edited by James W. Wallace and Richard L. Mansell. |
| 260 ## - PUBLICATION, DISTRIBUTION, ETC. (IMPRINT) | |
| Place of publication, distribution, etc | New York : |
| Name of publisher, distributor, etc | Plenum Press, |
| Date of publication, distribution, etc | c1976. |
| 300 ## - PHYSICAL DESCRIPTION | |
| Extent | xii, 425 p. : |
| Other physical details | ill. ; |
| Dimensions | 24 cm. |
| 440 #0 - SERIES STATEMENT/ADDED ENTRY--TITLE | |
| Title | Recent advances in phytochemistry ; |
| Volume number/sequential designation | v. 10 |
| 500 ## - GENERAL NOTE | |
| General note | "Dedicated to Professor Kurt Mothes." |
| 504 ## - BIBLIOGRAPHY, ETC. NOTE | |
| Bibliography, etc | Includes bibliographies and index. |
| 650 #0 - SUBJECT ADDED ENTRY--TOPICAL TERM | |
| Topical term or geographic name as entry element | Botanical chemistry |
| General subdivision | Botany |
| Topical term or geographic name as entry element | Insect-plant relationships |
| General subdivision | Botany |
| 700 1# - ADDED ENTRY--PERSONAL NAME | |
| Personal name | Mothes, Kurt, |
| Dates associated with a name | 1900- |
| Personal name | Wallace, James W. |
| Fuller form of name | (James William), |
| Dates associated with a name | 1940- |
| Personal name | Mansell, Richard L. |
| 906 ## - LOCAL DATA ELEMENT F, LDF (RLIN) | |
| a | 7 |
| b | cbc |
| c | orignew |
| d | 1 |
| e | ocip |
| f | 19 |
| g | y-gencatlg |
| 942 ## - ADDED ENTRY ELEMENTS (KOHA) | |
| Source of classification or shelving scheme | Library of Congress Classification |
| Item type | Loan - Normal on open shelf |
| Withdrawn status | Lost status | Source of classification or shelving scheme | Damaged status | Not for loan | Home library | Current library | Shelving location | Date acquired | Total Checkouts | Full call number | Barcode | Date last seen | Copy number | Price effective from | Koha item type |
|---|---|---|---|---|---|---|---|---|---|---|---|---|---|---|---|
| Library of Congress Classification | UOE Main Library | UOE Main Library | Open shelf | 17/02/2015 | QK861 .R38 vol. 10 | 30000684 | 27/04/2026 | 30000684 | 17/02/2015 | Loan - Normal on open shelf |
